|
|
|
|
| LEADER |
01182nam a2200349Ia 4500 |
| 001 |
EBC3339124 |
| 003 |
MiAaPQ |
| 005 |
20200520144314.0 |
| 006 |
m o d | |
| 007 |
cr cn||||||||| |
| 008 |
100107s2010 mau s 000 0 eng d |
| 010 |
|
|
|z 2009052072
|
| 020 |
|
|
|z 9780262014182 (hbk. : alk. paper)
|
| 035 |
|
|
|a (MiAaPQ)EBC3339124
|
| 035 |
|
|
|a (Au-PeEL)EBL3339124
|
| 035 |
|
|
|a (CaPaEBR)ebr10384054
|
| 035 |
|
|
|a (CaONFJC)MIL263829
|
| 035 |
|
|
|a (OCoLC)646068759
|
| 040 |
|
|
|a MiAaPQ
|c MiAaPQ
|d MiAaPQ
|
| 050 |
|
4 |
|a HB171
|b .B22 2010
|
| 082 |
0 |
4 |
|a 330
|2 22
|
| 100 |
1 |
|
|a Baker, Dean,
|d 1958-
|
| 245 |
1 |
0 |
|a Taking economics seriously
|h [electronic resource] /
|c Dean Baker.
|
| 260 |
|
|
|a Cambridge, MA :
|b MIT Press,
|c c2010.
|
| 300 |
|
|
|a 87 p.
|
| 500 |
|
|
|a "A Boston Review Book."
|
| 533 |
|
|
|a Electronic reproduction. Ann Arbor, MI : ProQuest, 2015. Available via World Wide Web. Access may be limited to ProQuest affiliated libraries.
|
| 650 |
|
0 |
|a Economics.
|
| 650 |
|
0 |
|a Social sciences.
|
| 655 |
|
4 |
|a Electronic books.
|
| 710 |
2 |
|
|a ProQuest (Firm)
|
| 856 |
4 |
0 |
|u https://ebookcentral.proquest.com/lib/matrademy/detail.action?docID=3339124
|z Click to View
|